Africa Without Sporcle Quiz Stats

 Plays Quiz Updated Oct 1, 2018

Score 0/54 Timer 04:00
4 Plays Today
Hint Country % Correct
Nig _ _Niger
85.4%
K _ nyaKenya
85.3%
_ ibyaLibya
85.1%
GhanaGhana
85%
Nig _ _ iaNigeria
85%
_ udanSudan
84.8%
UgandaUganda
84.7%
Zimbabw _Zimbabwe
84.7%
NamibiaNamibia
84.6%
TanzaniaTanzania
84.5%
Th _ GambiaThe Gambia
84.5%
_ _ uth Af _ i _ aSouth Africa
84.5%
Madaga _ _ a _Madagascar
84.4%
Guin _ aGuinea
84.3%
Tuni _ iaTunisia
84.3%
Ma _ iMali
84.3%
ZambiaZambia
84.3%
Gab _ nGabon
84.2%
_ _ uth _ udanSouth Sudan
84.1%
B _ t _ wanaBotswana
84.1%
_ wandaRwanda
84%
Ma _ awiMalawi
84%
_ gy _ tEgypt
83.9%
_ hadChad
83.8%
M _ zambiqu _Mozambique
83.7%
B _ ninBenin
83.6%
Ang _ _ aAngola
83.6%
Hint Country % Correct
Bu _ undiBurundi
82.8%
T_ g _Togo
82.6%
Mau _ itaniaMauritania
81.9%
Djib _ utiDjibouti
81.9%
Bu _ kina Fa _ _Burkina Faso
81%
Mau _ itiu _Mauritius
80.2%
_ quat _ _ ia _ Guin _ aEquatorial Guinea
79.3%
Guin _ a-Bi _ _ auGuinea-Bissau
79%
A _ g _ _ iaAlgeria
77.9%
_ _ t _ d'Iv _ i _ _Côte d'Ivoire
76%
D _ m _ _ _ ati _ _ _ _ ub _ i _ _ f _ _ ng _Democratic Republic of Congo
75.9%
_ _ nt _ a _ Af _ i _ an _ _ _ub _ i _Central African Republic
74.9%
_ thi_ _ iaEthiopia
74.5%
_ ab _ V _ _ d _Cabo Verde
69.9%
_ ib _ _ iaLiberia
67.3%
_ ã _ T _ m _ and _ _ in _ i _ _São Tomé and Príncipe
66.1%
_ am _ _ _ _ nCameroon
52.3%
_ _ ma _ iaSomalia
51.3%
_ _ _ _ th _Lesotho
49.9%
_ _ watinieSwatini
45.8%
_ _ y _ h _ _ _ _ _Seychelles
45.5%
_ _ _ ub _ i _ _ f _ _ ng _Republic of Congo
45.1%
_ _ n _ ga _Senegal
44.2%
M _ _ _ _ _ _Morocco
42%
_ _ it _ _ aEritrea
38.9%
_ i _ _ _a _ _ _ n _Sierra Leone
27.4%
_ _ m _ _ _ _Comoros
24.9%

You're not logged in!

Compare scores with friends on all Sporcle quizzes.
OR
Log In

Show Comments

Extras

Top Quizzes Today


Score Distribution

Your Account Isn't Verified!

In order to create a playlist on Sporcle, you need to verify the email address you used during registration. Go to your Sporcle Settings to finish the process.

Report this User

Report this user for behavior that violates our Community Guidelines.

Details: